8051 Microcontroller (Record no. 490563)

000 -LEADER
fixed length control field 00364nam a22001457a 4500
020 ## - INTERNATIONAL STANDARD BOOK NUMBER
International Standard Book Number 9789350141281
082 ## - DEWEY DECIMAL CLASSIFICATION NUMBER
Classification number 004.165 VEN
100 ## - MAIN ENTRY--PERSONAL NAME
Personal name Venkatesh Sampth k
245 ## - TITLE STATEMENT
Title 8051 Microcontroller
260 ## - PUBLICATION, DISTRIBUTION, ETC.
Place of publication, distribution, etc. New Delhi India
Name of publisher, distributor, etc. S.K.Kataria & Sons
Date of publication, distribution, etc. 2011
300 ## - PHYSICAL DESCRIPTION
Extent 418
Other physical details P.B
650 ## - SUBJECT ADDED ENTRY--TOPICAL TERM
Topical term or geographic name entry element Microcontroller
700 ## - ADDED ENTRY--PERSONAL NAME
Personal name Sampth K. Venkatesh
942 ## - ADDED ENTRY ELEMENTS (KOHA)
Koha item type Book
Holdings
Withdrawn status Lost status Damaged status Not for loan Collection code Permanent Location Current Location Shelving location Date acquired Source of acquisition Cost, normal purchase price Total Checkouts Full call number Barcode Date last seen Date last checked out Price effective from Koha item type
          Central Library (CL) Central Library (CL) First Floor - Computer Science 12/22/2016 Allied book company 376.00 2 004.165 VEN SEECS013576 12/10/2018 11/13/2018 12/22/2016 Book
© 2023 Central Library, National University of Sciences and Technology. All Rights Reserved.